000 00510nam a2200181Ia 4500
005 20250326125332.0
008 250326s9999 xx 000 0 und d
037 _aTextbook
040 _aFMSL
_beng
_cFMSL
041 _aeng
_2eng
084 _aX8(A):8.56 L1
_qFMSL
100 _aGeorge K D
_9278702
245 0 _aIndustrial organization
_cGeorge K D
260 _aLondon
_bLondon, Georege Allen And Unwin
_c1971
300 _a215p
942 _cTB
_hX8(A):8.56 L1
999 _c1277588
_d1277588